Microsoft Powerpoint 2002

में बचाया:
ग्रंथसूची विवरण
मुख्य लेखक: O'leary, Timothy J.
स्वरूप: पुस्तक
भाषा:Undetermined
प्रकाशित: Boston McGraw-Hill/Irwin 2002
विषय:
टैग : टैग जोड़ें
कोई टैग नहीं, इस रिकॉर्ड को टैग करने वाले पहले व्यक्ति बनें!
Thư viện lưu trữ: Trung tâm Học liệu Trường Đại học Cần Thơ
LEADER 00531nam a2200181Ia 4500
001 CTU_109713
008 210402s9999 xx 000 0 und d
082 |a 005.3 
082 |b O.45 
100 |a O'leary, Timothy J. 
245 0 |a Microsoft Powerpoint 2002 
245 0 |c Timothy J. O'leary, Linda I. O'leary 
260 |a Boston 
260 |b McGraw-Hill/Irwin 
260 |c 2002 
650 |a Powerpoint ( computer programs ) 
904 |i Giang, Q. Hiếu (sửa) 
980 |a Trung tâm Học liệu Trường Đại học Cần Thơ